Boross Zoltán halálára

Bibliographic Details
Main Author: F. Z. (Author)
Format: Article
Language:Hungarian
Subjects:

MARC

LEADER 00000nab a2200000 a 4500
001 vtls000654116
003 SK-MaSNL
005 20260318124553.0
008 160322c1998 xo 0 hun
015 |a SNBRA1998/02-03763 
035 |a CLN000006309 
040 |a SNKBUCL  |b slo  |c SNKBUCL  |e AACR2 
041 0 |a hun 
044 |a xo  |c SK 
080 |a 069-051  |2 UDC-MRF-SK2 
080 |a 07-051  |2 UDC-MRF-SK2 
080 |a 34-051  |2 UDC-MRF-SK2 
100 0 |a F. Z.  |4 aut  |9 1041411 
245 1 0 |a Boross Zoltán halálára  |c [szerző] F.Z. 
600 1 7 |a Boross, Zoltán  |d 1906-1998  |2 snkbucl  |9 890561 
655 7 |a články z novín a časopisov  |2 snkbucl  |9 267496 
773 0 |t Szabad újság  |g Roč. 6, č. 6 (1998), s. 9 
850 |a Slovenská národná knižnica v Martine 
852 |a SNK  |b KIS3GCP 
958 |a HU 
958 |a BX 
958 |a RBX 
999 |c 2219600  |d 2221530